| 000 -LEADER |
| fixed length control field |
00440nam a22001457a 4500 |
| 005 - DATE AND TIME OF LATEST TRANSACTION |
| control field |
20230906164911.0 |
| 008 - FIXED-LENGTH DATA ELEMENTS--GENERAL INFORMATION |
| fixed length control field |
230906s1986 gw ||||| |||| 00| 0 ger d |
| 020 ## - INTERNATIONAL STANDARD BOOK NUMBER |
| International Standard Book Number |
3900464453 |
| 041 ## - LANGUAGE CODE |
| Language code of text/sound track or separate title |
ger |
| 080 ## - UNIVERSAL DECIMAL CLASSIFICATION NUMBER |
| Universal Decimal Classification number |
738.8(495.02) B-99 |
| 245 ## - TITLE STATEMENT |
| Title |
Byzantinische Mosaiken aus Jordanien. |
| 300 ## - PHYSICAL DESCRIPTION |
| Extent |
251 p. : |
| Other physical details |
ill.; |
| Dimensions |
22 cm. |
| 653 ## - INDEX TERM--UNCONTROLLED |
| keyword |
ბიზანტიური მოზაიკა იორდანიიდან |
| 942 ## - ADDED ENTRY ELEMENTS (KOHA) |
| Source of classification or shelving scheme |
|
| Koha item type |
წიგნი |